Countries who tried preventing the Crimea Resolution - Statistics

General Stats
  • This quiz has been taken 66 times
  • The average score is 9 of 13
Answer Stats
Hint Answer % Correct
10 Russia
100%
2 Belarus
92%
6 Kazakhstan
84%
12 Syria
84%
1 Armenia
78%
5 Iran
76%
13 Venezuela
70%
4 Cuba
66%
11 Sudan
56%
7 Myanmar
50%
8 Nicaragua
44%
9 Philippines
32%
3 Burundi
26%
No matching quizzes found
Score Distribution
Percent of People with Each Score
Percentile by Number Answered
Your Score History
You have not taken this quiz